000 01761nam a2200457 a 4500
999 _c167918
_d167918
003 BLK
005 20250201005444.0
008 180411b bul|||||r ||||||| ||bul||
010 _aKNG00175767000
040 _aBLK
041 _aBUL
_cBUL
072 7 _2bullib
_aК
_xКраезнание
080 _aБългарска литература
_b821.163.2
_z821.163.2
080 _aСръбска литература
_b821.163.41
_z821.163.41
139 _aКонстантинов, Георги
_bК 82
245 1 0 _aВук Караджич и Л. Каравелов
_cГеорги Константинов
257 _aBGR
260 _aСофия
_bб. и.
_c1938
_fСофия : П. Глушков
_9441842
300 _a64 с.
_c18 см
380 _a82
490 _aЮжнославянска библиотека
_v№ 1
_9208116
500 _aПарал. текст на бълг. и сърбохърв. ез. - На кор. Югославянска библиотека 1
600 1 4 _aКараджич, Вук Стефанович
_9296022
650 0 _aПисатели, български
_9241944
653 _aбългарски писатели
653 _aсръбски език
653 _aсръбски писатели
653 _aВук Караджич
653 _aЛюбен Каравелов
659 _aК
700 _aКонстантинов, Георги
_gХристов, Георги Константинов
_9364908
852 _aЦб 8.180.4251
_bЦб
852 _aК 8/К 82 Гв
856 4 _qpdf
856 4 _qpdf
942 _cKNG
_n0
_s1
944 _aCR
_c25.05.2015
_k
_lCRON CRON
944 _aED
_c11.08.2015
_kВаля_Йорданова
999 _d167918
999 _d167918